LDR 00520naa#a2200157#i#450# 001 EN\\bibl\119124 005 20260513072603.3 011 ## _a2782-1927 100 ## _a20260330b2026####ek#y0engy0150####ca 102 ## _aRU 200 1# _aTheory and practice of preventive socio-economic policy: experience of the Republic of Tajikistan _eJournal article 210 1# _aYaroslavl _cYaroslavl State Technical University _d2026 215 ## _a11 с. 608 ## _aJournal article _2local 700 #1 _aLutfullo _gHabibullo Saidmurodzoda 856 4# _ajraic.com _u